00690nam a2200229 a 4500001001300000003000900013005001700022008004100039020001000080082001600090100001600106245006300122260004100185300000900226500003500235650002500270700001600295902000800311942000700319952011700326999001700443nice12345678IN_TiNIC20260116014158.0070605s1927 ahma grp 000 0 eng  ac15000a923.2bGAN4 aGandhi, M K aAn Autobiography or the Story of My Experiments With Truth aAhmedabadbNavjivan Pub.House c1927 a257p aincludes index and biblioraphy aGandhi M K-Biography1 aGandhi, M K bSRS cBK 001040708StackRoom-aHMIbHMId2007-09-13g150.00l0o923.2 GAN4p022031r2007-09-13v150.00w2007-06-05yBK c14202d14202